Essential Of Molecular Biology and Genetics/ (Record no. 206612)

MARC details
000 -LEADER
fixed length control field 00588nam a2200193 4500
005 - DATE AND TIME OF LATEST TRANSACTION
control field 20241023121931.0
010 ## - LCCN (DPL NO)
LC control number ENG-142330
020 ## - INTERNATIONAL STANDARD BOOK NUMBER
Terms of availability 457.00
International Standard Book Number 9789394107045
035 ## - SYSTEM CONTROL NUMBER
System control number EN-125862
037 ## - SOURCE OF ACQUISITION
Source of stock number/acquisition DBAD
082 ## - DEWEY DECIMAL CLASSIFICATION NUMBER
Classification number 572.8
100 ## - MAIN ENTRY--PERSONAL NAME
Personal name ISLAM AMINUL
245 ## - TITLE STATEMENT
Title Essential Of Molecular Biology and Genetics/
Statement of responsibility, etc Aminul Islam
250 ## - EDITION STATEMENT
Edition statement First
260 ## - PUBLICATION, DISTRIBUTION, ETC. (IMPRINT)
Place of publication, distribution, etc kolkata
Name of publisher, distributor, etc deepayan sen book and allied
Date of publication, distribution, etc 2020
270 ## - ADDRESS
Address no.1E(1), 'SHUBHAM PLAZA83/1 DR.S.C. Bannerjee road.
City kolkata
Postal code 700010
300 ## - PHYSICAL DESCRIPTION
Extent 396p.
Dimensions 23cm(pb)
942 ## - ADDED ENTRY ELEMENTS (KOHA)
Source of classification or shelving scheme Dewey Decimal Classification
Item type English Books
Classification part 572.8
Call number suffix ISI
Holdings
Withdrawn status Lost status Not for loan Collection code Home library Current library Date acquired Source of acquisition Cost, normal purchase price Full call number Barcode Copy number Cost, replacement price Koha item type
      Non-fiction Ashok Vihar Ashok Vihar 23/10/2024 DBAD 385.00 572.8 ISI EN-125862 1 385.00 English Books

© Delhi Public Library
Hit Counter
free hit counter